|
|
|
|
| LEADER |
00000nab a2200000 a 4500 |
| 001 |
vtls000311225 |
| 003 |
SK-MaSNL |
| 005 |
20260305010341.0 |
| 008 |
111201c1978 xo 0 slo |
| 015 |
|
|
|a SNBRB19rr/mm-uuuuu
|
| 035 |
|
|
|a CL0001317
|
| 040 |
|
|
|a SNKBUCL
|b slo
|c SNKBUCL
|e AACR2
|
| 041 |
0 |
|
|a slo
|
| 044 |
|
|
|a xo
|c SK
|
| 080 |
|
|
|a 885.4-1
|2 1981
|
| 080 |
|
|
|a 398.2(=854)
|2 1981
|
| 100 |
1 |
|
|a Madoš, Juraj
|4 aut
|9 1585679
|
| 245 |
1 |
0 |
|a Keď Turci rabovali
|c Juraj Madoš
|
| 300 |
|
|
|b Fot. 1.
|
| 500 |
|
|
|a Báseň vyše šesťdesiatročného Juraja Madoša z Poník
|
| 650 |
0 |
7 |
|a Turci
|2 snkbucl
|9 30387
|
| 651 |
|
7 |
|a Poniky (Slovensko)
|2 snkbucl
|9 16799
|
| 655 |
|
7 |
|a slovenská poézia
|2 snkbucl
|9 70444
|
| 655 |
|
7 |
|a články z odboru literárna veda a krásna literatúra
|2 snkbucl
|9 770045
|
| 655 |
|
7 |
|a články z novín a časopisov
|2 snkbucl
|9 267496
|
| 773 |
0 |
|
|t Smer
|g Roč. 30, č. 5 (1978), s. 7
|
| 850 |
|
|
|a Slovenská národná knižnica
|
| 852 |
|
|
|a Slovenská národná knižnica
|
| 958 |
|
|
|a RK
|
| 958 |
|
|
|a LX
|
| 992 |
|
|
|a RBX
|
| 999 |
|
|
|c 3246070
|d 3248000
|